Foundations of economic analysis of law
Saved in:
| Hovedforfatter: | |
|---|---|
| Format: | Bog |
| Sprog: | engelsk |
| Udgivet: |
Cambridge
The Belknap Press of Harvard University Press
2004
|
| Fag: | |
| Tags: |
Tilføj Tag
Ingen Tags, Vær først til at tagge denne postø!
|
MARC
| LEADER | 00000nam a2200000 a 4500 | ||
|---|---|---|---|
| 001 | UCG4379 | ||
| 003 | CL-VaPUC | ||
| 008 | 101028e20040000us |||||||||||||||||eng|d | ||
| 020 | |a 0674011554 | ||
| 082 | 0 | 4 | |a 340.121 |b SHA |2 21 |
| 100 | 0 | |a Shavell, Steven |e author |9 553702 | |
| 245 | 1 | 0 | |a Foundations of economic analysis of law |
| 300 | |a 737 p | ||
| 942 | |c BK | ||
| 945 | |d 20101028 00:00:00 |a mfarfan | ||
| 260 | |a Cambridge |b The Belknap Press of Harvard University Press |c 2004 | ||
| 650 | 0 | |a Leyes |9 256670 | |
| 650 | 0 | |a Aspectos económicos |9 255165 | |
| 583 | |a last modification |c 20171214 01:58:09 |k Rodrigo Vera | ||
| 999 | |c 343139 |d 343137 | ||
| 952 | |0 0 |1 0 |4 0 |6 340_121000000000000_SHA_2004 |7 0 |8 A |9 440173 |a BIBDER |b BIBDER |d 2019-11-22 |i 4729803 |l 1 |o 340.121 SHA 2004 |p 4729803 |r 2023-03-21 |s 2023-03-15 |w 2019-11-22 |y BK |k DER | ||